[Event "Lloyds Bank Masters 17th"]
[Site "London"]
[Date "1993.08.21"]
[Round "1"]
[White "Rossiter, Philip J"]
[Black "Rogers, Ian"]
[Result "1-0"]
[WhiteElo "2330"]
[BlackElo "2595"]
[PlyCount "141"]
[EventDate "1993.08.21"]
[EventType "swiss"]
[EventRounds "10"]
[EventCountry "ENG"]

1. d4 g6 2. e4 Bg7 3. Nf3 d6 4. Nc3 Nf6 5. Be2 O-O 6. O-O c6 7. h3 Nbd7 8. Bf4
Qa5 9. Nd2 e5 10. Nc4 Qc7 11. dxe5 dxe5 12. Be3 Ne8 13. a4 f5 14. exf5 gxf5 15.
f4 e4 16. Qe1 b6 17. Qf2 Ndf6 18. a5 b5 19. Nd2 Nd6 20. Nb3 b4 21. Na4 Nd5 22.
Bd4 Rf7 23. Nac5 a6 24. Rad1 Bxd4 25. Rxd4 Rg7 26. Rfd1 Rg6 27. Rxd5 cxd5 28.
Qd4 Bb7 29. Nxb7 Qxb7 30. Nc5 Qc6 31. Qxd5+ Qxd5 32. Rxd5 Kh8 33. Kf2 e3+ 34.
Kxe3 Rc8 35. Bd3 Rxg2 36. Rxd6 Rxc5 37. Rxa6 Rg3+ 38. Kd4 Rc8 39. Rb6 Rf3 40.
a6 Ra8 41. Ke5 Rxh3 42. Kxf5 Re3 43. Rb7 b3 44. a7 Rg3 45. Kf6 Rf8+ 46. Ke7 Ra8
47. Kf6 Rf8+ 48. Ke5 Ra8 49. Rxh7+ Kg8 50. Rb7 Kh8 51. Rxb3 Rxa7 52. Rb6 Re3+
53. Kd4 Re8 54. b4 Rd7+ 55. Kc5 Kg7 56. b5 Red8 57. f5 Rd5+ 58. Kb4 Rd4+ 59.
Ka5 Ra8+ 60. Ra6 Rb8 61. Rc6 Kf8 62. Bc4 Rd1 63. f6 Ra1+ 64. Kb4 Rb1+ 65. Kc5
Rc1 66. Bb3 Rf1 67. Bd5 Ke8 68. c4 Rf2 69. b6 Rf5 70. Rd6 Kf8 71. Kc6 1-0

[Event "Lloyds Bank Masters 17th"]
[Site "London"]
[Date "1993.08.21"]
[Round "1"]
[White "Hebden, Mark"]
[Black "El Assiouti, Sheriff"]
[Result "1-0"]
[WhiteElo "2560"]
[BlackElo "2325"]
[PlyCount "137"]
[EventDate "1993.08.21"]
[EventType "swiss"]
[EventRounds "10"]
[EventCountry "ENG"]

1. d4 Nf6 2. Nf3 e6 3. c4 d5 4. Bg5 Be7 5. e3 c6 6. Nbd2 Nbd7 7. Rc1 Ne4 8.
Bxe7 Qxe7 9. Bd3 Nxd2 10. Qxd2 O-O 11. O-O dxc4 12. Rxc4 e5 13. dxe5 Nxe5 14.
Nxe5 Qxe5 15. f4 Qe7 16. Re4 Qf6 17. Re5 Be6 18. Qb4 Rad8 19. Bb1 Bc8 20. h3 g6
21. e4 Qd6 22. Qb3 b6 23. Kh2 Be6 24. Qg3 f6 25. Rh5 Qc7 26. e5 f5 27. Rg5 Rd2
28. Rf2 Rxf2 29. Qxf2 Qf7 30. h4 Bxa2 31. Bxa2 Qxa2 32. h5 Qe6 33. Qh4 Kg7 34.
Rg3 Rg8 35. Rd3 Kh8 36. Rd6 g5 37. Rxe6 gxh4 38. Rxc6 Rg4 39. h6 Kg8 40. e6 Kf8
41. Rc7 Rg6 42. Rxa7 Rxh6 43. Rf7+ Kg8 44. Rxf5 Rxe6 45. Rb5 Re4 46. f5 Rf4 47.
Kh3 Kf7 48. Rxb6 Rxf5 49. Kxh4 Re5 50. Kg4 Rd5 51. Kf4 Rd4+ 52. Ke3 Rg4 53. Kf3
h5 54. Rb3 Kf6 55. g3 Rd4 56. Ke3 Rg4 57. Kd2 Ke5 58. Rd3 Rg8 59. b4 Kf5 60. b5
Rb8 61. Rd5+ Kg4 62. Kc3 Rh8 63. Rd3 Re8 64. Kb4 Rb8 65. Kc5 Rc8+ 66. Kb6 Rc1
67. Ka5 Rb1 68. b6 Rb2 69. Ra3 1-0

[Event "Lloyds Bank Masters 17th"]
[Site "London"]
[Date "1993.08.21"]
[Round "1"]
[White "Baldazzi, Stefano"]
[Black "Trifunovic, Aleksandar"]
[Result "1/2-1/2"]
[WhiteElo "2032"]
[BlackElo "2195"]
[PlyCount "133"]
[EventDate "1993.08.21"]
[EventType "swiss"]
[EventRounds "10"]
[EventCountry "ENG"]

1. d4 Nf6 2. Nf3 g6 3. g3 Bg7 4. Bg2 O-O 5. O-O d6 6. Re1 Nbd7 7. e4 e5 8. c3
Re8 9. d5 Rf8 10. Bg5 h6 11. Bxf6 Nxf6 12. Nbd2 Ne8 13. Nh4 Kh7 14. Nc4 h5 15.
Ne3 Bh6 16. Qd3 Ng7 17. h3 Bd7 18. Kh2 Qe7 19. Re2 Rae8 20. Qc4 Bc8 21. Rf1 Qd8
22. Qa4 Bd7 23. Qc2 Bf4 24. Nf3 Bh6 25. Nh4 a6 26. c4 c5 27. Rb1 Bxe3 28. fxe3
f5 29. exf5 Nxf5 30. Nxf5 Bxf5 31. e4 Bc8 32. Rf2 Rxf2 33. Qxf2 Rf8 34. Qe3 h4
35. a3 hxg3+ 36. Qxg3 Rf4 37. Rf1 Qf6 38. Rxf4 exf4 39. Qf2 g5 40. b4 b6 41.
bxc5 bxc5 42. Qc2 Kg7 43. Qb3 g4 44. hxg4 Bxg4 45. Bh3 Qh4 46. Qb2+ Kf7 47. Qg2
Bh5 48. e5 dxe5 49. d6 Qg3+ 50. Qxg3 fxg3+ 51. Kxg3 Be2 52. d7 Ke7 53. Be6 Bd1
54. Kf2 Ba4 55. d8=Q+ Kxd8 56. Ke3 Bc6 57. Bf5 Ke7 58. Bh3 Kd6 59. Bf1 Ba4 60.
Bg2 Bc2 61. Bb7 a5 62. Bd5 Bf5 63. Bf3 Be6 64. Be2 Bf5 65. Bf3 e4 66. Bxe4 Ke5
67. Bf3 1/2-1/2

[Event "Lloyds Bank Masters 17th"]
[Site "London"]
[Date "1993.08.21"]
[Round "1"]
[White "Krasenkow, Michal"]
[Black "Mortazavi, Ali"]
[Result "1/2-1/2"]
[WhiteElo "2595"]
[BlackElo "2345"]
[PlyCount "127"]
[EventDate "1993.08.21"]
[EventType "swiss"]
[EventRounds "10"]
[EventCountry "ENG"]

1. d4 Nf6 2. c4 c5 3. d5 g6 4. Nc3 Bg7 5. e4 O-O 6. Nf3 d6 7. h3 e6 8. Bd3 Na6
9. O-O Nc7 10. Bg5 h6 11. Bh4 e5 12. a3 a5 13. Bc2 Rb8 14. Nb5 Nxb5 15. cxb5
Qe8 16. a4 Nh5 17. Nd2 Nf4 18. Nc4 Qd7 19. Nxa5 Nxg2 20. Bg3 Qxh3 21. Ra3 Bg4
22. Qd3 f5 23. Bxe5 Qxd3 24. Bxd3 Bxe5 25. Kxg2 fxe4 26. Bxe4 Bf5 27. Bxf5 Rxf5
28. Nc4 Rg5+ 29. Kf3 Rf5+ 30. Ke2 Bd4 31. a5 Re8+ 32. Kd1 Rxd5 33. Kc1 Bf6 34.
a6 bxa6 35. bxa6 Rd4 36. b3 d5 37. Nb6 Bd8 38. Nd7 Bg5+ 39. f4 Rxf4 40. Rxf4
Bxf4+ 41. Kc2 Ra8 42. a7 Bc7 43. Nf6+ Kf7 44. Nxd5 Bb8 45. axb8=Q Rxb8 46. Ra7+
Ke6 47. Nf4+ Kf5 48. Rf7+ Kg5 49. Ne6+ Kg4 50. Nxc5 h5 51. Kc3 h4 52. b4 Rh8
53. Ne4 h3 54. Nf2+ Kg3 55. Nxh3 Rxh3 56. b5 g5 57. b6 Rh6 58. b7 Rb6 59. Kc4
g4 60. Kc5 Rb3 61. Kc6 Kh2 62. Rf5 Rxb7 63. Kxb7 g3 64. Kc6 1/2-1/2

[Event "Lloyds Bank Masters 17th"]
[Site "London"]
[Date "1993.08.21"]
[Round "1"]
[White "Hassabis, Demis"]
[Black "Murugan, Krishnamoorthy"]
[Result "1/2-1/2"]
[WhiteElo "2260"]
[BlackElo "2430"]
[PlyCount "119"]
[EventDate "1993.08.21"]
[EventType "swiss"]
[EventRounds "10"]
[EventCountry "ENG"]

1. d4 Nf6 2. Nf3 d5 3. Nc3 Bf5 4. Bg5 Nbd7 5. e3 h6 6. Bh4 e6 7. Bd3 Bxd3 8.
Qxd3 Be7 9. Bxf6 Bxf6 10. e4 dxe4 11. Nxe4 Be7 12. O-O O-O 13. Rad1 c6 14. c4
Qa5 15. a3 Rfd8 16. Qe2 Re8 17. Rd3 Rad8 18. Rfd1 Qa6 19. Re3 Nb6 20. Rc1 Nd7
21. Rd1 Nf6 22. Ne5 Qb6 23. Nxf6+ Bxf6 24. Red3 Qc7 25. b4 c5 26. bxc5 Bxe5 27.
Qxe5 Qxe5 28. dxe5 Rxd3 29. Rxd3 Rc8 30. Rd7 Rxc5 31. Rxb7 Rxc4 32. g3 Ra4 33.
Rb3 g5 34. f3 h5 35. Kf2 Kg7 36. h3 Rc4 37. Re3 g4 38. hxg4 hxg4 39. f4 Kg6 40.
Ke2 Ra4 41. Kd2 Kf5 42. Ke2 Rd4 43. Ke1 Kg6 44. Ke2 Rd5 45. Re4 Ra5 46. Re3 Kg7
47. Rb3 Rc5 48. Kd2 Kg6 49. Kd3 Rd5+ 50. Ke2 Ra5 51. Re3 Kf5 52. Kd2 Ra6 53.
Ke2 Rb6 54. Kd3 Rb1 55. Kd4 Rc1 56. Rd3 Rc7 57. Ke3 a6 58. Kd4 Rc1 59. Rb3 Rd1+
60. Rd3 1/2-1/2

[Event "Lloyds Bank Masters 17th"]
[Site "London"]
[Date "1993.08.21"]
[Round "1"]
[White "Flear, Glenn C"]
[Black "Sandstrom, Ludvig"]
[Result "1/2-1/2"]
[WhiteElo "2500"]
[BlackElo "2300"]
[PlyCount "116"]
[EventDate "1993.08.21"]
[EventType "swiss"]
[EventRounds "10"]
[EventCountry "ENG"]

1. d4 Nf6 2. c4 c5 3. d5 b5 4. cxb5 a6 5. e3 g6 6. Nc3 Bg7 7. a4 O-O 8. Ra3 d6
9. Nf3 Nbd7 10. e4 Ne8 11. Be2 axb5 12. Nxb5 Ba6 13. O-O Nc7 14. Qb3 Nf6 15.
Re1 Rb8 16. Bc4 Qd7 17. e5 Ng4 18. e6 fxe6 19. dxe6 Qc6 20. Ng5 Bxb5 21. axb5
Nxb5 22. Bd5 Qb6 23. Qh3 h5 24. Rf3 Nd4 25. Rxf8+ Rxf8 26. Bf3 Nxf3+ 27. gxf3
c4 28. Qg2 Ne5 29. Nf7 Nxf7 30. exf7+ Rxf7 31. Qxg6 Qa5 32. Kf1 Qd5 33. Qe4 Qb5
34. Re2 d5 35. Qg6 d4 36. Bh6 d3 37. Rd2 Qd5 38. Bxg7 Rxg7 39. Qe4 Qg5 40.
Qxc4+ Kh8 41. Qxd3 Qg2+ 42. Ke2 Qxh2 43. Qf5 Qh4 44. Rd8+ Rg8 45. Qe5+ Kh7 46.
Rd4 Qg5 47. Rd5 Qxe5+ 48. Rxe5 Rb8 49. Rxe7+ Kg6 50. f4 Rxb2+ 51. Kf3 Rb3+ 52.
Re3 Rb5 53. Kg3 Rb1 54. Re6+ Kf7 55. f5 Rb5 56. Kf4 Rb4+ 57. Kg5 Rg4+ 58. Kxh5
Rf4 1/2-1/2

[Event "Lloyds Bank Masters 17th"]
[Site "London"]
[Date "1993.08.21"]
[Round "1"]
[White "Rayner, Francis"]
[Black "Plaskett, H James"]
[Result "0-1"]
[WhiteElo "2295"]
[BlackElo "2470"]
[PlyCount "116"]
[EventDate "1993.08.21"]
[EventType "swiss"]
[EventRounds "10"]
[EventCountry "ENG"]

1. c4 b6 2. Nc3 e6 3. e4 Bb7 4. Nf3 Bb4 5. Bd3 Ne7 6. O-O O-O 7. Bc2 f5 8. Qe2
Bxc3 9. dxc3 Bxe4 10. Bxe4 fxe4 11. Qxe4 Nbc6 12. Bf4 Nf5 13. Rad1 Rc8 14. Rd2
Qe8 15. Re1 h6 16. h3 d6 17. Qxe6+ Qxe6 18. Rxe6 Rce8 19. Rxe8 Rxe8 20. g4 Nfe7
21. Kg2 Ng6 22. Bg3 Re4 23. b3 Kf7 24. Nd4 Nxd4 25. cxd4 Ne7 26. c5 Ke6 27. Kf3
Re1 28. cxd6 cxd6 29. Rc2 Kd7 30. Bf4 Ng6 31. Bg3 Rd1 32. Rc4 b5 33. Rb4 Kc6
34. a4 a6 35. Ke2 Rb1 36. axb5+ axb5 37. d5+ Kc5 38. Re4 Kxd5 39. Re8 Rb2+ 40.
Kd3 Rxb3+ 41. Kc2 Rb4 42. Rg8 Rc4+ 43. Kb3 Rc7 44. Rd8 Ne5 45. Rb8 Kc5 46. Bxe5
dxe5 47. Re8 Kd4 48. Kb4 Rf7 49. Rd8+ Ke4 50. Rd2 Rf3 51. Kxb5 Rxh3 52. Rd7 g5
53. Rf7 Rf3 54. Rh7 Rxf2 55. Rxh6 Kf4 56. Rf6+ Kg3 57. Re6 Re2 58. Kc4 Re3 0-1

[Event "Lloyds Bank Masters 17th"]
[Site "London"]
[Date "1993.08.21"]
[Round "1"]
[White "Smith, Andrew Philip"]
[Black "Arakhamia Grant, Ketevan"]
[Result "1/2-1/2"]
[WhiteElo "2290"]
[BlackElo "2440"]
[PlyCount "109"]
[EventDate "1993.08.21"]
[EventType "swiss"]
[EventRounds "10"]
[EventCountry "ENG"]

1. e4 c5 2. Nf3 e6 3. d4 cxd4 4. Nxd4 Nc6 5. Nb5 d6 6. Bf4 e5 7. Be3 Nf6 8. Bg5
a6 9. N5c3 Be6 10. Nd2 b5 11. Bd3 Be7 12. Bxf6 Bxf6 13. O-O O-O 14. a4 b4 15.
Nd5 Bxd5 16. exd5 Ne7 17. Qf3 Bg5 18. Ne4 Bh6 19. Ng3 g6 20. a5 Qc7 21. Rfd1 f5
22. Qe2 Qb7 23. c3 e4 24. Bc4 bxc3 25. bxc3 Rfb8 26. Qf1 Qc8 27. Rdb1 Bg7 28.
Rxb8 Rxb8 29. Bxa6 Qxc3 30. Ra2 Kf8 31. Bc4 Bd4 32. a6 Ba7 33. Qe2 Rb1+ 34. Nf1
Rc1 35. Bb5 Nxd5 36. g3 Nc7 37. Ba4 d5 38. Rc2 Rxc2 39. Bxc2 d4 40. Ba4 d3 41.
Qa2 Qd4 42. Bb3 Nxa6 43. Ne3 Nb4 44. Qa5 Nc6 45. Qc7 Ne7 46. Kg2 d2 47. Kh3 Bb6
48. Qb8+ Kg7 49. Qe8 Bc5 50. Qf7+ Kh6 51. Kh4 Qd8 52. Ng4+ fxg4 53. Qf4+ Kg7
54. Qf7+ Kh6 55. Qf4+ 1/2-1/2

[Event "Lloyds Bank Masters 17th"]
[Site "London"]
[Date "1993.08.21"]
[Round "1"]
[White "Arkell, Keith C"]
[Black "Poulton, James"]
[Result "1/2-1/2"]
[WhiteElo "2475"]
[BlackElo "2300"]
[PlyCount "104"]
[EventDate "1993.08.21"]
[EventType "swiss"]
[EventRounds "10"]
[EventCountry "ENG"]

1. d4 Nf6 2. Nf3 g6 3. g3 Bg7 4. Bg2 O-O 5. O-O c6 6. c4 d6 7. Nc3 Qa5 8. e4
Bg4 9. h3 Bxf3 10. Bxf3 a6 11. a3 Nfd7 12. Be3 c5 13. e5 Nc6 14. Bxc6 bxc6 15.
exd6 exd6 16. dxc5 Ne5 17. b4 Qd8 18. Qe2 Qc8 19. Kg2 Qe6 20. Bd4 dxc5 21. Bxc5
Rfe8 22. Rac1 Nxc4 23. Qxe6 Rxe6 24. Nb1 Nb2 25. Rc2 a5 26. bxa5 Rxa5 27. Bb4
Ra8 28. Rd2 Nc4 29. Rd7 Bf8 30. Rc1 Nxa3 31. Bxf8 Kxf8 32. Nd2 Nb5 33. Nf3 h6
34. Rc4 Ra2 35. Rf4 Re7 36. Rxe7 Kxe7 37. Ne5 Nd6 38. Nxc6+ Ke6 39. g4 f5 40.
Rd4 Ne4 41. gxf5+ gxf5 42. Kg1 Kf6 43. f3 Ng5 44. Rd6+ Kg7 45. Nd4 Nxh3+ 46.
Kf1 Ra5 47. Kg2 Nf4+ 48. Kg3 Nh5+ 49. Kh4 Nf6 50. Ne6+ Kf7 51. Nf4 Ra3 52. Nd3
Ra4+ 1/2-1/2

[Event "Lloyds Bank Masters 17th"]
[Site "London"]
[Date "1993.08.21"]
[Round "1"]
[White "Timoscenko, Gennadij"]
[Black "Sowray, Peter J"]
[Result "1-0"]
[WhiteElo "2540"]
[BlackElo "2330"]
[PlyCount "93"]
[EventDate "1993.08.21"]
[EventType "swiss"]
[EventRounds "10"]
[EventCountry "ENG"]

1. d4 d5 2. c4 e6 3. Nf3 c5 4. cxd5 exd5 5. g3 Nc6 6. Bg2 Nf6 7. O-O Be7 8. Nc3
O-O 9. Bg5 cxd4 10. Nxd4 h6 11. Be3 Re8 12. a3 Bf8 13. Qb3 Na5 14. Qa2 Be6 15.
Rad1 Rc8 16. Nxe6 fxe6 17. Bf4 Qb6 18. Be5 Qb3 19. Qb1 Ng4 20. Bd4 Nc6 21. h3
Nxd4 22. hxg4 Rxc3 23. bxc3 Nxe2+ 24. Kh2 Qxb1 25. Rxb1 b6 26. Rb3 Rc8 27. Re1
Nxc3 28. Rxe6 d4 29. Bf1 Kf7 30. Re1 Kf6 31. Bd3 Rc5 32. Re8 Bd6 33. Bf5 Re5
34. Rd8 Bc5 35. Bd3 a5 36. Rb8 Re1 37. Bc4 Kg5 38. R3xb6 Bxb6 39. Rxb6 Rb1 40.
f4+ Kxg4 41. Rxb1 Nxb1 42. Be2+ Kf5 43. Bd3+ Kg4 44. Bxb1 Kf3 45. Kh3 Ke3 46.
Kg4 Kf2 47. f5 1-0

[Event "Lloyds Bank Masters 17th"]
[Site "London"]
[Date "1993.08.21"]
[Round "1"]
[White "Ward, Christopher R"]
[Black "Cobb, James"]
[Result "1-0"]
[WhiteElo "2460"]
[BlackElo "2280"]
[PlyCount "93"]
[EventDate "1993.08.21"]
[EventType "swiss"]
[EventRounds "10"]
[EventCountry "ENG"]

1. d4 Nf6 2. c4 g6 3. Nc3 Bg7 4. e4 d6 5. f3 O-O 6. Be3 e5 7. d5 c6 8. Qd2 cxd5
9. cxd5 Nh5 10. O-O-O a6 11. Bd3 b5 12. Nge2 Qa5 13. a3 Nd7 14. Kb1 Qd8 15. Nc1
Nb6 16. N3a2 Bd7 17. Qb4 Nc8 18. Qb3 f5 19. Nb4 Ne7 20. Ne2 Nf6 21. h3 f4 22.
Bf2 Kh8 23. Rc1 a5 24. Nc6 Bxc6 25. dxc6 b4 26. axb4 axb4 27. Qxb4 Rb8 28. Qa3
Ne8 29. Qa7 Qc7 30. Rhd1 Qxa7 31. Bxa7 Ra8 32. Bb6 Rb8 33. Ba5 Ra8 34. b4 d5
35. c7 d4 36. Rc5 Nd6 37. Rdc1 Nb7 38. Rb5 Nxa5 39. Rxa5 Rxa5 40. bxa5 Ra8 41.
Ba6 Rxa6 42. c8=Q+ Nxc8 43. Rxc8+ Bf8 44. Rxf8+ Kg7 45. Rd8 Rxa5 46. Rd5 Rxd5
47. exd5 1-0

[Event "Lloyds Bank Masters 17th"]
[Site "London"]
[Date "1993.08.21"]
[Round "1"]
[White "Britton, Richard"]
[Black "McNab, Colin Anderson"]
[Result "1-0"]
[WhiteElo "2305"]
[BlackElo "2490"]
[PlyCount "91"]
[EventDate "1993.08.21"]
[EventType "swiss"]
[EventRounds "10"]
[EventCountry "ENG"]

1. e4 g6 2. d4 d6 3. Nc3 c6 4. Nf3 Nd7 5. Be3 Ngf6 6. Qd2 Qc7 7. a4 Bg7 8. Bh6
O-O 9. Bxg7 Kxg7 10. a5 e5 11. Be2 Re8 12. O-O Nf8 13. dxe5 dxe5 14. h3 Ne6 15.
Rfd1 Rd8 16. Qe3 Rxd1+ 17. Bxd1 Qd6 18. Nd2 Nf4 19. Nb3 Be6 20. Nc5 Qe7 21. Ne2
N6h5 22. Nxf4 Nxf4 23. Kh2 Bc4 24. Ra4 Bb5 25. Ra3 Rd8 26. Bf3 b6 27. axb6 axb6
28. Na4 Rd4 29. Nc3 Bc4 30. g3 Ne6 31. h4 b5 32. Ra1 b4 33. Nd1 Bb5 34. Kg2 h5
35. Qc1 Rd7 36. Ne3 Nd4 37. Bd1 Ne6 38. Bxh5 Qc5 39. Bf3 Nd4 40. Ng4 Qd6 41.
Qh6+ Kg8 42. Qg5 Rd8 43. Ra7 Rf8 44. h5 Nxf3 45. Nf6+ Kg7 46. Qxg6+ 1-0

[Event "Lloyds Bank Masters 17th"]
[Site "London"]
[Date "1993.08.21"]
[Round "1"]
[White "Kwiatkowski, Feliks J"]
[Black "Webster, Andrew"]
[Result "1-0"]
[WhiteElo "2250"]
[BlackElo "2410"]
[PlyCount "91"]
[EventDate "1993.08.21"]
[EventType "swiss"]
[EventRounds "10"]
[EventCountry "ENG"]

1. e4 g6 2. d4 Bg7 3. Nc3 c6 4. f4 d5 5. e5 h5 6. Nf3 Bg4 7. Be3 Nh6 8. h3 Bxf3
9. Qxf3 Nf5 10. Bf2 h4 11. Bd3 e6 12. O-O Bf8 13. Nd1 Nd7 14. c3 Qb6 15. Rb1 c5
16. Ne3 cxd4 17. Nxf5 gxf5 18. cxd4 O-O-O 19. Rfc1+ Kb8 20. b4 f6 21. Bf1 Rc8
22. Rxc8+ Kxc8 23. a4 Kb8 24. a5 Qd8 25. a6 Be7 26. axb7 Kxb7 27. Qa3 Qb6 28.
Qa4 Nb8 29. b5 fxe5 30. fxe5 Rc8 31. Be1 Bg5 32. Bf2 Nd7 33. Qd1 Qd8 34. Ra1
Nb6 35. Qf3 Qe7 36. Qb3 Rc7 37. Be1 Ka8 38. Bb4 Be3+ 39. Kh1 Qg5 40. Qd3 Qf4
41. Bc5 Rg7 42. Ra2 Nc4 43. b6 Rb7 44. Qd1 Nd2 45. Bd3 Qf2 46. Qa1 1-0

[Event "Lloyds Bank Masters 17th"]
[Site "London"]
[Date "1993.08.21"]
[Round "1"]
[White "Gretarsson, Helgi Ass"]
[Black "Lyell, Mark"]
[Result "1-0"]
[WhiteElo "2365"]
[BlackElo "2235"]
[PlyCount "89"]
[EventDate "1993.08.21"]
[EventType "swiss"]
[EventRounds "10"]
[EventCountry "ENG"]

1. d4 f5 2. Bg5 g6 3. Nc3 d5 4. e3 c6 5. h4 Bg7 6. Nf3 Nd7 7. Bd3 Ngf6 8. h5
Nxh5 9. Rxh5 gxh5 10. Nh4 Nf6 11. Bxf6 Bxf6 12. Qxh5+ Kd7 13. Nxf5 Qe8 14. Qh2
Kd8 15. Nd6 Qf8 16. Nxc8 Rxc8 17. O-O-O e6 18. Ne2 Kd7 19. g4 h5 20. gxh5 Qh6
21. Rh1 Rcg8 22. c3 Rg4 23. Ng3 Rh4 24. Qg2 Rxh1+ 25. Qxh1 Bg5 26. Kd2 Qf6 27.
Qh2 Rf8 28. Nh1 Bh4 29. f4 Rh8 30. Qe2 Rg8 31. Bg6 Rxg6 32. hxg6 Qxg6 33. Qh2
Be7 34. Nf2 Qb1 35. Nd3 Qxa2 36. Qh7 b6 37. f5 exf5 38. Ne5+ Kd8 39. Nxc6+ Kd7
40. Ne5+ Kd8 41. Nd3 b5 42. Qh2 Kd7 43. Qb8 a6 44. Ne5+ Ke6 45. Qg8+ 1-0

[Event "Lloyds Bank Masters 17th"]
[Site "London"]
[Date "1993.08.21"]
[Round "1"]
[White "Asanov, Bolat"]
[Black "Hodgson, John H"]
[Result "1-0"]
[WhiteElo "2385"]
[BlackElo "2240"]
[PlyCount "87"]
[EventDate "1993.08.21"]
[EventType "swiss"]
[EventRounds "10"]
[EventCountry "ENG"]

1. Nf3 Nf6 2. g3 g6 3. Bg2 Bg7 4. O-O O-O 5. d4 d5 6. c4 dxc4 7. Na3 Nc6 8.
Nxc4 Be6 9. b3 a5 10. a4 Bd5 11. Ba3 Re8 12. Rc1 e6 13. e3 Qb8 14. Qe2 Qa7 15.
Rfd1 Rad8 16. Qe1 Qa8 17. Qe2 Qa7 18. Bf1 Qa8 19. Ne1 b6 20. f4 Ne7 21. Nd2 Qb7
22. g4 h5 23. g5 Ne4 24. Nxe4 Bxe4 25. Qa6 Qxa6 26. Bxa6 c6 27. Bd3 Bd5 28. Bc2
c5 29. dxc5 bxc5 30. Bxc5 Rb8 31. Rb1 Bc3 32. e4 Bc6 33. Bd4 Bxd4+ 34. Rxd4
Red8 35. Rbd1 Rxd4 36. Rxd4 Kf8 37. Nf3 Ke8 38. Kf2 Rd8 39. Rxd8+ Kxd8 40. Ne5
Be8 41. Ke3 Kc7 42. Bd3 Nc6 43. Nxc6 Bxc6 44. Kd4 1-0

[Event "Lloyds Bank Masters 17th"]
[Site "London"]
[Date "1993.08.21"]
[Round "1"]
[White "Franklin, Michael J"]
[Black "Levitt, Jonathan"]
[Result "1/2-1/2"]
[WhiteElo "2275"]
[BlackElo "2455"]
[PlyCount "87"]
[EventDate "1993.08.21"]
[EventType "swiss"]
[EventRounds "10"]
[EventCountry "ENG"]

1. d4 Nf6 2. Nf3 d6 3. c3 Nbd7 4. Bf4 Nh5 5. Bg3 g6 6. e3 Bg7 7. Nbd2 O-O 8.
Bc4 c6 9. O-O e5 10. Bb3 Nxg3 11. hxg3 d5 12. dxe5 Nxe5 13. Nxe5 Bxe5 14. e4
dxe4 15. Nxe4 Bf5 16. Re1 Qe7 17. Ng5 Qxg5 18. Rxe5 Rad8 19. Qe1 Qd2 20. Re7
Qxe1+ 21. Raxe1 Rd7 22. Rxd7 Bxd7 23. Re7 Bc8 24. Rc7 Kg7 25. f3 h5 26. Kf2 Kf6
27. Bxf7 Rxf7 28. Rxc8 Rd7 29. Re8 Kf7 30. Re4 Rd2+ 31. Re2 Rd1 32. Ke3 Kf6 33.
Kf4 g5+ 34. Ke4 b6 35. Ke3 Kf5 36. Rd2 Re1+ 37. Kd3 Rg1 38. c4 a5 39. b3 Ra1
40. a4 Rb1 41. Kc3 Rc1+ 42. Rc2 Re1 43. Rb2 Re5 44. Rd2 1/2-1/2

[Event "Lloyds Bank Masters 17th"]
[Site "London"]
[Date "1993.08.21"]
[Round "1"]
[White "Merriman, John"]
[Black "Lane, Gary William"]
[Result "0-1"]
[WhiteElo "2235"]
[BlackElo "2430"]
[PlyCount "88"]
[EventDate "1993.08.21"]
[EventType "swiss"]
[EventRounds "10"]
[EventCountry "ENG"]

1. d4 Nf6 2. c4 g6 3. Nc3 Bg7 4. e4 d6 5. f3 O-O 6. Be3 Nc6 7. Nge2 a6 8. Qd2
Rb8 9. h4 h5 10. O-O-O b5 11. Nf4 bxc4 12. Bxc4 e5 13. dxe5 Nxe5 14. Bb3 Qe8
15. Nfd5 Nxd5 16. Nxd5 Be6 17. Kb1 Bxd5 18. Qxd5 c5 19. Bc1 Qb5 20. f4 Ng4 21.
Rhe1 a5 22. Qc4 Qxc4 23. Bxc4 Bd4 24. Rd3 Rfe8 25. Kc2 a4 26. Ra3 Nf6 27. Rxa4
d5 28. Bd3 dxe4 29. Bc4 Re7 30. Ra6 Kh7 31. b3 Ng4 32. f5 gxf5 33. Rf1 Bf2 34.
Bg5 Rd7 35. Be2 e3 36. Bd3 Rd5 37. Ra7 Kg6 38. Bc4 Rd2+ 39. Kc3 Rf8 40. Be7 Rc8
41. Bg5 Ne5 42. Rxf2 Rxf2 43. Bxe3 Rxg2 44. Ba6 Rxa2 0-1

[Event "Lloyds Bank Masters 17th"]
[Site "London"]
[Date "1993.08.21"]
[Round "1"]
[White "Norwood, David"]
[Black "Manion, Josh"]
[Result "1-0"]
[WhiteElo "2515"]
[BlackElo "2310"]
[PlyCount "87"]
[EventDate "1993.08.21"]
[EventType "swiss"]
[EventRounds "10"]
[EventCountry "ENG"]

1. g3 g6 2. Bg2 Bg7 3. d4 d6 4. e4 Nf6 5. Nc3 O-O 6. Nge2 e5 7. h3 Nc6 8. Be3
exd4 9. Nxd4 Nxd4 10. Bxd4 Be6 11. O-O c6 12. f4 Qa5 13. f5 Bc4 14. Rf2 Rad8
15. Qd2 Qc7 16. g4 d5 17. e5 Ne4 18. Nxe4 dxe4 19. Qc3 Bd5 20. f6 Bh8 21. Re1
Rfe8 22. Bxe4 c5 23. Rf4 Bxa2 24. Bd3 Bxf6 25. b3 Rxd4 26. exf6 Red8 27. Rf3
Qc6 28. Ref1 b5 29. Qd2 Qd6 30. Qh6 Qf8 31. Qxf8+ Kxf8 32. Bxb5 Rd2 33. Rc3 h5
34. Re1 hxg4 35. hxg4 Kg8 36. Rxc5 R8d4 37. Rg5 Rxc2 38. Bc4 Rf4 39. Rxg6+ Kh7
40. Rg7+ Kh6 41. Bd3 Rd2 42. Re5 Rxg4+ 43. Rxg4 Rxd3 44. Re8 1-0

[Event "Lloyds Bank Masters 17th"]
[Site "London"]
[Date "1993.08.21"]
[Round "1"]
[White "Roberts, Paul"]
[Black "Bisby, Daniel L"]
[Result "0-1"]
[WhiteElo "2195"]
[BlackElo "2150"]
[PlyCount "84"]
[EventDate "1993.08.21"]
[EventType "swiss"]
[EventRounds "10"]
[EventCountry "ENG"]

1. e4 c5 2. c3 d6 3. d4 Nf6 4. Bd3 g6 5. Nf3 cxd4 6. cxd4 Bg7 7. h3 e5 8. d5
Nfd7 9. Nc3 O-O 10. O-O Nc5 11. Bc2 a5 12. Rb1 Nba6 13. a3 f5 14. b4 axb4 15.
axb4 Nd7 16. Nd2 f4 17. g4 fxg3 18. fxg3 Nf6 19. Kg2 Bxh3+ 20. Kxh3 Qc8+ 21.
Kg2 Qxc3 22. Rb3 Qc7 23. Nf3 h6 24. Bd3 Qd7 25. Nd2 Ng4 26. Nc4 Rxf1 27. Bxf1
Rf8 28. Rf3 Rxf3 29. Qxf3 h5 30. Ba3 Nc7 31. Nb6 Qd8 32. Be2 Bh6 33. Qd3 Ne3+
34. Kh3 Qf8 35. Bc1 Ng4 36. Bxg4 hxg4+ 37. Kxg4 Bxc1 38. Qc4 Qh6 39. Kf3 Qh1+
40. Kf2 Qh2+ 41. Kf3 Qh1+ 42. Kf2 Be3+ 0-1

[Event "Lloyds Bank Masters 17th"]
[Site "London"]
[Date "1993.08.21"]
[Round "1"]
[White "Saunders, John C"]
[Black "Morris, Philip"]
[Result "0-1"]
[WhiteElo "2245"]
[BlackElo "2380"]
[PlyCount "84"]
[EventDate "1993.08.21"]
[EventType "swiss"]
[EventRounds "10"]
[EventCountry "ENG"]

1. e4 e5 2. Nf3 Nc6 3. c3 Nf6 4. d4 Nxe4 5. d5 Bc5 6. Qe2 Nxf2 7. dxc6 O-O 8.
Bg5 Qe8 9. Rg1 Nd3+ 10. Kd1 Bxg1 11. Nxg1 e4 12. Qe3 Nxb2+ 13. Kc2 Nd3 14. Nd2
d5 15. cxb7 Qa4+ 16. Nb3 Bxb7 17. Bxd3 exd3+ 18. Qxd3 c5 19. Kd2 c4 20. Qg3 f6
21. Bh6 Rf7 22. Nd4 Qa3 23. Nge2 Qb2+ 24. Nc2 d4 25. Nexd4 Be4 26. Rc1 Qxa2 27.
Be3 Rd8 28. Ke1 Qb2 29. Bd2 Re7 30. Kf2 Rxd4 31. cxd4 Bxc2 32. Qd6 Ba4 33. Qxe7
Qxd2+ 34. Kg3 Qxc1 35. Qe6+ Kf8 36. Qd6+ Kf7 37. Qd5+ Kg6 38. Qe4+ Kf7 39. Qd5+
Ke7 40. Qc5+ Ke6 41. d5+ Kf5 42. d6+ Kg6 0-1

[Event "Lloyds Bank Masters 17th"]
[Site "London"]
[Date "1993.08.21"]
[Round "1"]
[White "Ansell, Simon"]
[Black "Thipsay, Praveen Mahadeo"]
[Result "1/2-1/2"]
[WhiteElo "2290"]
[BlackElo "2465"]
[PlyCount "82"]
[EventDate "1993.08.21"]
[EventType "swiss"]
[EventRounds "10"]
[EventCountry "ENG"]

1. e4 e5 2. Nf3 Nc6 3. Bc4 Nf6 4. d3 Be7 5. c3 O-O 6. Bb3 d5 7. Nbd2 h6 8. Qe2
Be6 9. Nf1 Re8 10. Ng3 a6 11. Bc2 Bf8 12. O-O g6 13. h3 Bg7 14. a3 Nd7 15. Rd1
Qe7 16. d4 exd4 17. cxd4 dxe4 18. Bxe4 Bb3 19. Re1 Qd6 20. Qd3 Bd5 21. Bf4 Bxe4
22. Rxe4 Qd5 23. Bxc7 Nc5 24. Rxe8+ Rxe8 25. Qf1 Nxd4 26. Nxd4 Qxd4 27. Rc1 Ne6
28. b4 Qb2 29. Bb6 Qxa3 30. Qc4 Qa4 31. Qd5 Qxb4 32. Qxb7 a5 33. Qa6 a4 34. Rc4
Qb1+ 35. Kh2 a3 36. Ra4 Bb2 37. Qb5 Rb8 38. Rxa3 Qc1 39. Ra2 Bd4 40. Ne2 Bxb6
41. Qxb6 Rxb6 1/2-1/2